|
|
|
|
| LEADER |
01061nam a2200193Ia 4500 |
| 008 |
160114b xxu||||| |||| 00| 0 eng d |
| 082 |
|
|
|a 020
|
| 100 |
|
|
|a Sengupta, Benoyendra
|
| 245 |
|
|
|a Library, library science and librarianship /
|c By Benoyendra Sengupta and Bhubaneswar Chakraborty
|
| 260 |
|
|
|a Calcutta :
|b Worldpress,
|c 1981.
|
| 300 |
|
|
|a 256 p.
|
| 653 |
|
|
|a Library and information science
|
| 700 |
|
|
|a Chakrabarti, Bhubaneswar
|
| 942 |
|
|
|c BK
|
| 999 |
|
|
|c 142902
|d 142902
|
| 952 |
|
|
|0 0
|1 0
|4 0
|6 020_000000000000000_SEN_L
|7 0
|9 151794
|a LIS
|b LIS
|c ST1
|d 2006-04-04
|g 75.00
|i 00831
|l 0
|o 020 SEN/L
|p LIS831
|r 2016-07-26
|w 2016-07-26
|y BK
|
| 952 |
|
|
|0 0
|1 0
|4 0
|6 020_000000000000000_SEN_L
|7 0
|9 151795
|a LIS
|b LIS
|c ST1
|d 2006-04-12
|i CL059
|l 0
|o 020 SEN/L
|p LISCL059
|r 2016-07-26
|w 2016-07-26
|y BK
|
| 952 |
|
|
|0 0
|1 0
|4 0
|6 020_000000000000000_SEN_L
|7 0
|9 151796
|a LIS
|b LIS
|c ST1
|d 2006-04-12
|i CL058
|l 0
|o 020 SEN/L
|p LISCL058
|r 2016-07-26
|w 2016-07-26
|y BK
|
| 952 |
|
|
|0 0
|1 0
|4 0
|6 020_000000000000000_SEN_L
|7 0
|9 151797
|a LIS
|b LIS
|c ST1
|d 2006-04-04
|g 75.00
|i 00890
|l 0
|o 020 SEN/L
|p LIS890
|r 2016-07-26
|w 2016-07-26
|y BK
|